| 000 | 00486nam a2200181Ia 4500 | ||
|---|---|---|---|
| 003 | GCL | ||
| 008 | 140319s9999 xx 000 0 eng d | ||
| 020 | _a1589062663 | ||
| 040 |
_aGCL / _cGCL |
||
| 082 | 0 | 4 |
_a332.04205 _bI I |
| 245 | 1 | 0 | _aINTERNATIONAL FINANCIAL STATISTICS 2003 |
| 260 |
_aنيويورك : _bINTERNATIONAL MONETARY FUND ، _c2003 |
||
| 300 |
_a32 CM ؛ _c623 P |
||
| 650 | 0 | 4 | _aSTATISTICS |
| 650 | 0 | 4 | _aINTERNATIONAL FINANCE |
| 650 | 0 | 4 | _aYEAR BOOKS |
| 942 |
_2ddc _cBK |
||
| 999 |
_c7297 _d7297 |
||